Score 0/18 Timer 05:00
0 Plays Today
% Correct
Katy Perry
97%
Justin Bieber
92.1%
Tom and Suri Cruise
88%
Morgan Freeman
87%
Beyoncé and Jay Z
85.7%
Kim Kardashian West
83.3%
Paul McCartney
78.2%
Mila Kunis
77.8%
David Schwimmer
74.6%
% Correct
Amy Winehouse
72.6%
Patrick Stewart
70.6%
Michael Douglas
67.9%
Emma Stone
61.5%
Jerry Springer
61.1%
Sofía Vergara
56.9%
Bill Hader
36.2%
Vanessa Hudgens
35.5%
Liam Payne
24.5%
Remove Ads.
Support Sporcle.
Get the best of Sporcle when you Go Orange. This ad-free experience offers more features, more stats, and more fun while also helping to support Sporcle. Thank you for becoming a member.

You're not logged in!

Compare scores with friends on all Sporcle quizzes.
OR
Log In

Show Comments

Extras

Top Quizzes Today


Score Distribution

Your Account Isn't Verified!

In order to create a playlist on Sporcle, you need to verify the email address you used during registration. Go to your Sporcle Settings to finish the process.

Report this User

Report this user for behavior that violates our Community Guidelines.

Details: